01216nam a22002537a 4500003000400000008004100004020001800045082002000063100002400083245010200107260003400209300001300243650004300256650004600299650003200345650005400377650003800431650002200469942001200491999001700503952014800520952014700668952014700815OSt260305b2021 |||||||| |||| 00| 0 eng d a9781529375992 a303.4834bKIS-A aKissinger, Henry A. aThe Age of AI :band our human future /cHenry A. Kissinger, Eric Schmidt and Daniel Huttenlocher aLondon :bJohn Murray,c2021. a266 p. ; aArtificial intelligence Social aspects aArtificial intelligence Political aspects aTechnology and civilization aInternational relations Technological innovations aEthics of artificial intelligence aFuture of society 2ddccBK c21568d21568 00102ddc4070aSOBDbSOBDd2026-02-17eAll India Book HousefINRg599.00o303.4834 KIS-A1p008312r2026-03-05t1w2026-02-17yREFkNA/IN/1929 00102ddc4070aSOBDbSOBDd2026-02-17eAll India Book HousefINRg599.00o303.4834 KIS-A2p008313r2026-03-05t2w2026-02-17yBKkNA/IN/1929 00102ddc4070aSOBDbSOBDd2026-02-17eAll India Book HousefINRg599.00o303.4834 KIS-A3p008314r2026-03-05t3w2026-02-17yBKkNA/IN/1929